00373 a2200109 4500001001000000005001700010008004100027245002700068100002300095773012800118999001700246ART_2316820260410161929.0260409a 10aLa ética agustiniana1 aLetizia, Francisco0 tRevista de la Facultad de Ciencias Económicas de la Universidad de Cuyog- Año XXXII, Nº 82 (jul./dic. 1980)wREV22981 c28436d28436